000 00667nam a2200217 i 4500
001 bg
100 1 _aDOMIN, Tadeusz
245 0 _aMateriały budowlane :
_bskrypt dla studentów wyższych szkół technicznych /
_cTadeusz Domin ; Politechnika Krakowska im. Tadeusza Kościuszki.
250 _aWyd. 4.
260 _aKraków :
_bPK,
_c1992.
300 _a337 s. :
_brys. ;
_c24 cm.
504 _aBibliogr. s. 336-337.
650 9 _aMateriały budowlane
655 _aPodręczniki akademickie
710 _aPOLITECHNIKA KRAKOWSKA (Kraków)
040 _cBPK
041 _apol
080 _a691(075.8)
942 _cKS
008 s pl f |000 0 pol
999 _c5589
_d5589
856 _uhttp://koha.tu.koszalin.pl/cgi-bin/koha/opac-detail.pl?biblionumber=5589
_yKatalog online BPK